00600 2200205 4500001002100000005001500021035002000036007000300056008004100059020002200100082001000122084001400132245008700146250001100233260005100244300004500295650002800340100001000368990001600378INLIS00000000000101420210731113938 a0010-0721000052ta210731 d 0 ind  a978-602-424-365-4 a923.5 a923.5 BUN1 aBung Tomo : Soerabaja Di Tahun 45 :bSeri Buku Saku Tempo : Tokoh Militer /cTempo acet. 1 aJakarta :bKepustakaan Populer Gramedia,c2017 axiii + 159 hlm :bIlus. ;c11 cm X 16 cm aSejarah Tokoh Indonesia0 aTempo a00000011131